| 000 | 00936nam a2200277Ia 4500 | ||
|---|---|---|---|
| 003 | OSt | ||
| 005 | 20221005105103.0 | ||
| 006 | a|||||r|||| 00| 0 | ||
| 007 | ta | ||
| 008 | 221004b |||||||| |||| 00| 0 hin d | ||
| 020 | _cINR 180.00 | ||
| 024 | _a37641 | ||
| 037 |
_b1519, 21/02/2018, Bookwell _cTextual |
||
| 040 |
_aCRL _cCRL _bhin |
||
| 041 |
_2hin _ahin |
||
| 082 | _aV5.N, 152P8 | ||
| 100 | _aजॉल, जेम्स, ले. | ||
| 245 | 0 | _aयूरोप 1870 से | |
| 246 | _aYūrop 1870 se | ||
| 250 | _aसंस्करण 2 | ||
| 260 |
_aदिल्ली _bहिंदी माध्यम कार्यान्वय निदेशालय भारत _c2008 |
||
| 300 |
_a602पृ0 _ccm. |
||
| 650 | _aयूरोप-इतिहास | ||
| 942 |
_hV5.N, 152P8 _cTEXL _2cc |
||
| 999 |
_c1014709 _d1014709 |
||